000 00450nam a22001697a 4500
003 NUST - PNEC
005 20170116181150.0
008 151111b xxu||||| |||| 00| 0 eng d
020 _a007100582X
040 _cLIBRARY
082 _a657 MEI
100 _915319
_aMeigs, Walter B.
245 _aAccounting : the basis for business decisions
_cWalter B. Meigs
250 _aSeventh Edition
650 _915320
_aAccounting
_xMIS
942 _2ddc
_cBK
999 _c70904
_d70904